| 000 | 00469nam a2200169Ia 4500 | ||
|---|---|---|---|
| 005 | 20250508151355.0 | ||
| 008 | 008 250505s9999 xx 000 0 eng d | ||
| 037 | _aTextual | ||
| 040 |
_aFEDL _beng _cFEDL |
||
| 041 |
_aeng _2eng |
||
| 084 |
_a372.89, GUN _qFEDL |
||
| 100 |
_aGunn S E _9758980 |
||
| 245 | 0 | _aJourney through | |
| 260 |
_aLondon, UK _bEdward Arnold (Publishers) Ltd. _c1954 |
||
| 942 |
_cTEXL _h372.89, GUN |
||
| 999 |
_c1329346 _d1329346 |
||